Counties of Schleswig-Holstein - Statistics

General Stats
  • This quiz has been taken 14 times
  • The average score is 11 of 15
Answer Stats
County % Correct
Flensburg
100%
Kiel
100%
Lübeck
100%
Neumünster
91%
Nordfriesland
82%
Rendsburg-Eckernförde
82%
Ostholstein
73%
Schleswig-Flensburg
73%
Pinneberg
64%
Plön
64%
Dithmarschen
55%
Segeberg
55%
Steinburg
55%
Herzogtum Lauenburg
36%
Stormarn
36%
No matching quizzes found
Score Distribution
Percent of People with Each Score
Percentile by Number Answered
Your Score History
You have not taken this quiz